Statistics for United States Map Quiz biggest cities

Click here to take the quiz!

General Stats

  • This quiz has been taken 43 times
    (20 since last reset)
  • The average score is 36 of 50

Answers on the Map

Answers color-coded by a green-red scale on the quiz's map according to % correct below.
 

Answer Stats

Answer% Correct
Anchorage
92%
Atlanta
85%
Baltimore
85%
Detroit
85%
Honolulu
85%
New York City
85%
Albuquerque
77%
Birmingham
77%
Bismarck
77%
Boston
77%
Chicago
77%
Dallas-Arlington
77%
Des Moines
77%
Los Angeles
77%
Miami
77%
Minneapolis
77%
Nashville
77%
New Orleans
77%
Philadelphia
77%
Phoenix
77%
Seattle
77%
Billings
69%
Boise
69%
Bridgeport
69%
Charlotte
69%
Cheyenne
69%
Cleveland
69%
Denver-Boulder
69%
Indianapolis
69%
Las Vegas
69%
Little Rock
69%
Louisville
69%
Manchester-Comcord
69%
Milwaukee
69%
Oklahoma City
69%
Omaha
69%
Portland
69%
Providence
69%
Saint Louis
69%
Salt Lake City
69%
Souix Falls
69%
Trenton
69%
Virginia Beach
69%
Wichita
69%
Burlington-Lake Champlain
62%
Charleston
62%
Dover
62%
Greenville-Jackson
62%
Lewiston(including Portland)
62%
Parkersburg
62%

Score Distribution

Percentile by Number Answered

Percent of People with Each Score

Your Score History

You have not taken this quiz since the last reset